| 000 | 00647nam a2200145 a 4500 | ||
|---|---|---|---|
| 001 | 000035768 | ||
| 005 | 20200930074608.0 | ||
| 008 | 111110s2011 dr 000 0 spa d | ||
| 020 | _a9789945879001 | ||
| 040 |
_aDO-SdBNP _bspa _cBNPHU |
||
| 100 | 1 |
_aCastillo Díaz, Geneida _961714 |
|
| 245 | 1 | 0 |
_aPrograma de formación inicial para docentes del nivel básico. Análisis de la propuesta curricular y del área psicopedagógica : _bEstudios de casos / _cGineida Castillo Díaz. |
| 260 |
_aSanto Domingo : _bPontificia Universidad Católica Madre Y Maestra : _bCentro de Investigación Educativa y Desarrollo Humano, _c2011. |
||
| 300 |
_a98 p. ; _c28 cm. |
||
| 999 |
_c35259 _d35259 |
||